The cross and the switchblade / (Record no. 2394)

MARC details
000 -LEADER
fixed length control field 00833cam a22002651a 4500
001 - CONTROL NUMBER
control field 12252
003 - CONTROL NUMBER IDENTIFIER
control field GBCCL
005 - DATE AND TIME OF LATEST TRANSACTION
control field 20241126110428.0
008 - FIXED-LENGTH DATA ELEMENTS--GENERAL INFORMATION
fixed length control field 730116s1963 nyu 00010 engm
010 ## -
-- 63009442 /L/r852
035 ## - SYSTEM CONTROL NUMBER
System control number OCM00384091
040 ## - CATALOGING SOURCE
Original cataloging agency DLC
Transcribing agency DLC
Modifying agency m.c.
-- LBB
043 ## -
-- n-us---
049 ## -
-- LBBK
-- LBBA
050 0# -
-- BV4464.5
-- .W5 1963
082 ## - DEWEY DECIMAL CLASSIFICATION NUMBER
Classification number 259.5
Item number WIL
092 ## - LOCALLY ASSIGNED DEWEY CALL NUMBER (OCLC)
Classification number 259.5
Item number W681
100 1# - MAIN ENTRY--PERSONAL NAME
Personal name Wilkerson, David R.
9 (RLIN) 2348
245 14 - TITLE STATEMENT
Title The cross and the switchblade /
Statement of responsibility, etc. by David Wilkerson, with John & Elizabeth Sherrill.
260 ## - PUBLICATION, DISTRIBUTION, ETC.
Place of publication, distribution, etc. [New York] :
Name of publisher, distributor, etc. Bernard Geis Associates :
-- distributed by Random House,
Date of publication, distribution, etc. 1975, c1963.
300 ## - PHYSICAL DESCRIPTION
Extent 217 p. ;
Dimensions 22 cm.
600 10 - SUBJECT ADDED ENTRY--PERSONAL NAME
Personal name Wilkerson, David R.
9 (RLIN) 2348
650 #0 - SUBJECT ADDED ENTRY--TOPICAL TERM
Topical term or geographic name entry element Church work with juvenile delinquents
Geographic subdivision United States.
9 (RLIN) 4955
942 ## - ADDED ENTRY ELEMENTS (KOHA)
Source of classification or shelving scheme Dewey Decimal Classification
Koha item type Books
Koha issues (borrowed), all copies 4
Holdings
Withdrawn status Lost status Source of classification or shelving scheme Damaged status Not for loan Home library Current Library Shelving location Date acquired Total checkouts Full call number Barcode Date last seen Date last checked out Copy number Price effective from Koha item type Total renewals
    Dewey Decimal Classification     GRACE BIBLE COLLEGE GRACE BIBLE COLLEGE Ministry & Mission 2017-08-10 2 259.5 WIL 009041 2025-05-01 2024-08-29 c.2 2017-08-10 Books  
    Dewey Decimal Classification     GRACE BIBLE COLLEGE GRACE BIBLE COLLEGE Ministry & Mission 2017-10-10   259.5 WIL 009043 2025-05-01   c.3 2017-10-10 Books  
    Dewey Decimal Classification     GRACE BIBLE COLLEGE GRACE BIBLE COLLEGE Ministry & Mission 2017-10-10 2 259.5 WIL 009168 2025-05-01 2024-09-09 c.4 2017-10-10 Books 1
    Dewey Decimal Classification     GRACE BIBLE COLLEGE GRACE BIBLE COLLEGE Ministry & Mission 2018-07-24   259.5 WIL 004008 2025-05-01   c.1 2018-07-24 Books  
© Grace Bible College Library 2025